000 00631nam a2200181Ia 4500
008 230917s9999||||xx |||||||||||||| ||und||
020 _cRS 2950.00
040 _e5013837
_aMAIN
041 _aEnglish
082 _a631.4 J136S(2)
100 _aJackson, M L
245 0 _aSoil chemical analysis: Advanced course: A manual of methods useful for instruction and research in soil chemistry, physical chemistry of soils, soil fertility, and soil genesis.
250 _a2nd ed.
260 _aNew Delhi
_bUnited Book Prints
_c2018
300 _axxi, 930 p.
500 _a4074 22/09/2021 HBD22/9147 27/12/2021 Main Budget
942 _cBK
999 _c2235
_d2235